000 00827nam a2200217Ia 4500
008 0000002018 usad 0000000000eng00
020 _a9780999487105
090 _aPSP00 E16e
100 1 _aEbony, David
245 1 0 _aEsteban Vicente
_c/ essay David Ebony
300 _a106 p.
_c/ 28 cm.
500 _aExposición realizada en Ameringer, McEnery, Yohe de Nueva York entre el 14 de diciembre de 2017 y el 27 de enero de 2018 \ Icluye datos biográficos y cronología artística \ Texto en inglés
600 0 0 _a VICENTE, ESTEBAN, 19032001/
_xTRABAJOS PICTORICOS
650 1 4 _aARTE CONTEMPORANEO ESPAÑOL
650 1 4 _xCATALOGOS
650 1 4 _aCOLLAGE
650 1 4 _xEXPOSICIONES
650 1 4 _aPINTORES ESPAÑOLES
650 1 4 _aPINTURA ESPAÑOLA
999 _c16362
_d16362
260 _aNew York : Ameringer McEnery Yohe
_c2018